000 00702nam a2200253Ia 4500
003 OSt
005 20220930203232.0
006 a|||||r|||| 00| 0
007 ta
008 220926b |||||||| |||| 00| 0 hin d
024 _a72272
037 _cDissertations
040 _aCRL
_cCRL
_bhin
041 _2hin
_ahin
100 _aTyagi Poonam
_9535214
110 _aUniversity of Delhi. Faculty of Arts. Department of Hindi
245 0 _aKavitavali mein lok tattva
260 _c1996
300 _a107p.
_ccm.
650 _aHINDI LITERATURE
_923866
700 _aUniversity of Delhi. Faculty of Arts. Department of Hindi
942 _cDIS
_2CC
999 _c904330
_d904330